|
|
|
|
| LEADER |
00677cam a2200181 7i4500 |
| 001 |
0000041133 |
| 005 |
20041130090000.0 |
| 020 |
# |
0 |
|a 0471281662
|
| 090 |
0 |
0 |
|a QE 33.2 R4
|b L693
|
| 100 |
1 |
# |
|a Liang
|
| 245 |
1 |
0 |
|a Quantitative remote sensing of land surfaces
|c Shunlin Liang.
|
| 260 |
# |
# |
|a Hoboken:
|b Wiley-Interscience,
|c 2004..
|
| 300 |
# |
# |
|a xxvi, 534 p.:
|b ill., maps;
|c 25 cm. + $e 1 CD-ROM (4 3/4 in.).
|
| 650 |
0 |
0 |
|a Environmental sciences --
|x Remote sensing
|
| 650 |
0 |
0 |
|a Remote sensing
|
| 650 |
0 |
0 |
|a Earth sciences --
|x Remote sensing
|
| 999 |
|
|
|a 1100029763
|b CD-ROM
|c Bahan Pandang Dengar
|e BILIK BAHAN SUMBER MEDIA
|
| 999 |
|
|
|a 1100029762
|b Book
|c Bahan Pandang Dengar
|e KOLEKSI TERBUKA
|